000
00220 a2200097 4500
001
15809
100
_a
Arco
245
_a
Toefl test of engglish as foreign language
260
_a
New York
_b
Arco
_c
090
_c
12359
_d
12359
942
_a
NUST-CAE
_c
M
_c
2624
999
_c
250882
_d
250882